000
00321nam a2200133Ia 4500
008
150301s2015 xx 000 0 und d
082
_a
661.01
_b
P14A
100
_a
ALI, MOHAMMED
245
_a
TEXTBOOK OF PHARMACEUTICAL CHEMISTRY -|
260
_b
CBS- DELHI
300
_a
314
650
_a
CHEMISTRY
942
_2
ddc
_c
BK
_0
9
999
_c
7260
_d
7260